000 00732nam a2200277Ia 4500
001 4142
005 20240113233716.0
007 ta
008 050608s1977 g b000 u hin u
020 _cHB
040 _aCotton College Assam
041 _ahin
082 _a891.43109
_bG 959 Sw
100 _aGupta, Jagdish .
245 0 _aSwachchnadatavadi Kavya Dhara ka Darshinik Vivechan /
_cJagdish Gupta.
_hTextual Documents
250 _a1st ed. /
260 _aAgra :
_bPragati Prakashan ,
_c1977.
300 _a495p. ;
_c22cm.
653 _aHindi poetry-Criticism
653 _aGen-Hindi
942 _2ddc
_cBK
999 _c4130
_d4130